000 00504nam a2200193Ia 4500
005 20250326144523.0
008 250326s9999 xx 000 0 und d
037 _aTextbook
040 _aFMSL
_beng
_cFMSL
041 _aeng
_2eng
084 _aX:8 P8
_qFMSL
100 _aKotter J P
_9742146
245 0 _aSense of Urgency
_cKotter J P
260 _aBoston
_bBoston, Harvard Business
_c2008
365 _b495
650 _aManagement
942 _cTB
_hX:8 P8
999 _c1304024
_d1304024